| 000 | 00614nam a2200217 a 4500 | ||
|---|---|---|---|
| 005 | 20140310183603.0 | ||
| 008 | 120713s19uu xx 00 eng d | ||
| 020 | _a9789814281867 | ||
| 050 |
_aPN 4121 _b.V483 2009 |
||
| 100 | _aVerderber, Rudolph | ||
| 245 |
_aEffective speaking : _bchallenges and solutions / _cRudolph Verderber |
||
| 260 |
_aAustralia : _bCengage, _c2009. |
||
| 300 |
_a254 p. : _bill. ; _c23 cm. |
||
| 500 | _aIncludes index. | ||
| 521 | _aMC | ||
| 650 | _aPublic speaking | ||
| 700 | _aVerderber, Kathleen | ||
| 700 | _aSellnow, Deanna D. | ||
| 942 |
_cBK _2lcc _kFOR |
||
| 999 |
_c25129 _d25129 |
||